000 01068cam a22002417i 4500
005 20251108172920.0
008 250721s2003 su gr 000 0 ara d
020 _a9960245241
041 1 _aara
_heng
082 1 4 _a005.43
_bب و ن
100 1 _aبونت، ميشيل
_eمؤلف.
245 1 0 _aهندسة نظم البرامج بمساعدة الحاسب الآلي /
_cتأليف ميشيل بونت ؛ تعريب د.م. سرور علي ابراهيم سرور؛ مراجعة دكتور محمد يحيى عبد الرحمن؛ تقديم دكتور عبدالله بن سليمان العزاز.
264 1 _aالرياض :
_bدارالمريخ للنشر،
_c2003.
300 _a1123 صفحة.
650 1 7 _aالبرمجة.
650 1 7 _aنظم البرامج.
650 1 7 _aالهندسة.
700 1 _aسرور، سرور علي ابراهيم
_eمعرب
700 1 _aعبد الرحمن، محمد يحيى
_eمراجع.
700 1 _aالعزاز، عبد الله بن سليمان
_eمقدم.
942 _2ddc
_cREF
999 _c91711
_d91711